Muslim thought : (Record no. 32664)
[ view plain ]
| 000 -LEADER | |
|---|---|
| fixed length control field | 00670nam a2200217 a 4500 |
| 001 - CONTROL NUMBER | |
| control field | 32664 |
| 003 - CONTROL NUMBER IDENTIFIER | |
| rucl marc code | BD-RjUL |
| 005 - DATE AND TIME OF LATEST TRANSACTION | |
| control field | 20211209051857.0 |
| 008 - FIXED-LENGTH DATA ELEMENTS--GENERAL INFORMATION | |
| fixed length control field | 140428r19591951pk 001 0 eng d |
| 035 ## - SYSTEM CONTROL NUMBER | |
| System control number | OCLC ocm24855911 from D961028M |
| -- | (BD-RjUL)32754 |
| 040 ## - CATALOGING SOURCE | |
| Original cataloging agency | KEI |
| Transcribing agency | KEI |
| Modifying agency | EQO |
| -- | BD-RjUL |
| Language of cataloging | eng |
| 041 ## - LANGUAGE CODE | |
| Language code of text/sound track or separate title | eng |
| 082 ## - DEWEY DECIMAL CLASSIFICATION NUMBER | |
| Classification number | 297 |
| Author mark and year | SHM 1959 |
| 100 1# - MAIN ENTRY--PERSONAL NAME | |
| Personal name | Sharif, Mian Mohammad. |
| Dates associated with a name | 1893-1965. |
| 9 (RLIN) | 3883 |
| 245 10 - TITLE STATEMENT | |
| Title | Muslim thought : |
| Remainder of title | its origin and achievements / |
| Statement of responsibility, etc. | by M.M. Sharif. |
| 260 ## - PUBLICATION, DISTRIBUTION, ETC. (IMPRINT) | |
| Place of publication, distribution, etc. | Lahore : |
| Name of publisher, distributor, etc. | Sh. Muhammad Ashraf, |
| Date of publication, distribution, etc. | c1951 [Reprint 1959]. |
| 300 ## - PHYSICAL DESCRIPTION | |
| Pagination | 116 p. ; |
| Size | 22 cm. |
| 650 #0 - SUBJECT ADDED ENTRY--TOPICAL TERM | |
| Topical term or geographic name as entry element | Islam. |
| 9 (RLIN) | 99364 |
| Topical term or geographic name as entry element | Islamic philosophy. |
| 9 (RLIN) | 99365 |
| 942 ## - ADDED ENTRY ELEMENTS (KOHA) | |
| Source of classification or shelving scheme | Dewey Decimal Classification |
| Koha item type | Books |
| Lost status | Source of classification or shelving scheme | Damaged status | Not for loan | Collection code | Permanent Location | Current Location | Shelving location | Date acquired | Source of acquisition | Cost, normal purchase price | Total Checkouts | Full call number | Date last seen | Copy number | Koha item type | Date checked out |
|---|---|---|---|---|---|---|---|---|---|---|---|---|---|---|---|---|
| Dewey Decimal Classification | Not For Loan | Non-fiction | Central Library, University of Rajshahi | Central Library, University of Rajshahi | Reading Room | 23/06/1969 | Book House , Lahore. | 4.50 | 297 SHM 1959 | 27/04/2014 | C-1 | Books | ||||
| Dewey Decimal Classification | Non-fiction | Central Library, University of Rajshahi | Central Library, University of Rajshahi | 23/06/1967 | Book House , Lahore. | 4.50 | 297 SHM 1959 | 27/04/2014 | C-5 | Books | ||||||
| Dewey Decimal Classification | Non-fiction | Central Library, University of Rajshahi | Central Library, University of Rajshahi | 23/06/1969 | Book House , Lahore. | 4.50 | 1 | 297 SHM 1959 | 19/06/2022 | C-7 | Books | 13/04/2022 |